000 00246 a2200109 4500
003 Nust
005 20170207164750.0
040 _cNust
245 _aManto kahanian
_cSaadat Hassan Manto
260 _aLahore
_bSang e meel publications
_c2004
300 _a695p
942 _2ddc
_cBK
999 _c210005
_d210005